00388 2200145 4500001002100000005001500021008004100036020001800077035001900095082000800114090001400122100001600136245004500152260004500197INLIS00000000000716620241224113427241224||||||||| | ||| |||| ||  a979 655 502 6 0010-12240071660 a823 a823 BLY m0 aEnid Blyton00aPASUKAN MAU TAHU "Misteri Kalung Curian" aJakartabpt gramedia pustaka utamac2000